01275nab a22002777a 4500999001500000003000400015005001700019008004100036040000700077100002700084245011000111260007300221300001500294500003800309505012200347505013700469505008200606650002300688650002400711650001700735650001500752650002400767650003800791773015500829942001300984 c5561d5561OSt20251218083433.0190429b xxu||||| |||| 00| 0 spa d cPJ 95637aPravia, Alberto 10aLibertad probatoria, hecho y prueba con acertado decisorio y equívoco encuadre legal /cAlberto Pravia. cCiudad Autónoma de Buenos Aires :aThomson Reuters La Ley, b2025. ap. 132-139 aCita: TR LALEY AR/DOC/410/2025.  aFallo comentado: Trib. Impugnación Penal, Santa Rosa, Sala B ~ 22/08/2024 ~ B., E. J. s/ recurso de Impugnación. aFallo comentado: CS ~ 28/05/2024 ~ Maidana, Karina de Lourdes y otros s/ sup/ robo calificado —capital— expte N.º 8768 C.C.1. tSi te interesa el texto completo, solicitalo a koha@justierradelfuego.gov.ar  09343aDERECHO PENAL 092348aPROCESO PENAL 091975aPRUEBA 093183aROBO 092794aARMA DE FUEGO 096539aREGLAS DE LA SANA CRÍTICA0 0265893164tRevista de derecho penal y criminología. Nº 3 - Abril 2025dCiudad Autónoma de Buenos Aires : Thomson Reuters La Ley, 2017-x00347914 2udccANA